Science Quiz

Random Science or Astronomy Quiz

Celestial Body or In Your Body? Quiz Stats

 Plays Quiz Updated Mar 18, 2020

     
Support Sporcle.
Go Orange.
Score 0/40 Timer 02:00
1 Play Today
Word C or H? % Correct
Proxima Centauri???
74.5%
Endoplasmic Reticulum???
74.2%
Bauhin's gland???
73%
Corona Australis???
71.7%
Ganglia???
71.3%
Adrastea???
69.8%
Cygnus???
69.6%
Chorda tympani???
66.9%
Eridanus???
66.5%
Virchow's node???
65.9%
Golgi Body???
65.3%
Tethys???
65.3%
Borrelly???
65.2%
Equuleus???
64.7%
Stapes???
64.2%
Erriapus???
63.9%
Varuna???
63.2%
Skoll???
62.5%
Pyxis???
61.1%
Kale???
60%
Word C or H? % Correct
Rhomboid Major???
59.9%
Fomalhaut???
59.9%
Ixion???
59.4%
Circumflex A???
58.9%
Tonantzintla???
58.8%
Supraspinatus???
58.7%
Calcaneus???
58.2%
Obturator???
57.7%
Enceladus???
57.5%
Platysma???
56.9%
Orbicularis Oris???
55.8%
Haumea???
55.8%
Diencephalon???
54.4%
Lacerta???
52.8%
Palatine???
48%
Longomontanus???
43.9%
Lunate???
42.1%
Ceruminous???
42%
Teres minor???
37.4%
Procerus???
35.4%

From the Vault

Who Am I? Famous People XIII

by DIEGO1000

History 5m
If a famous person asks you this question, you should hope you know the answer.
Remove Ads.
Support Sporcle.
Get the best of Sporcle when you Go Orange. This ad-free experience offers more features, more stats, and more fun while also helping to support Sporcle. Thank you for becoming a member.

Show Comments

Extras

Top Quizzes Today


Score Distribution

Your Account Isn't Verified!

In order to create a playlist on Sporcle, you need to verify the email address you used during registration. Go to your Sporcle Settings to finish the process.

Report this User

Report this user for behavior that violates our Community Guidelines.

Details: